Online Catalogue and eLibrary

Citizen and Subject ; (Record no. 424)

MARC details
000 -LEADER
fixed length control field 00501nam a22001697a 4500
005 - DATE AND TIME OF LATEST TRANSACTION
control field 20240219005710.0
008 - FIXED-LENGTH DATA ELEMENTS--GENERAL INFORMATION
fixed length control field 240219b |||||||| |||| 00| 0 eng d
020 ## - INTERNATIONAL STANDARD BOOK NUMBER
ISBN 0195643321.
082 ## - DDC Classification
DDC Edition Number 22
Class No. 320.
Item Number - Author Mark Cit.
100 ## - MAIN ENTRY--PERSONAL NAME
Personal name Mamdani, Mahmood.
245 ## - TITLE STATEMENT
Title Citizen and Subject ;
Remainder of title Decentralized despotism and the legacy of late colonialism /
Statement of responsibility, etc. Mahood, Mamdani.
250 ## - EDITION STATEMENT
Edition statement 1st.
260 ## - PUBLICATION, DISTRIBUTION, ETC.
Place of publication, distribution, etc. New Delhi .,
Name of publisher, distributor, etc. Oxford university press
Date of publication, distribution, etc. 1997.
300 ## - PHYSICAL DESCRIPTION
Extent (e.g. Volumes, Pages etc.) xii, 353 p.,
650 ## - SUBJECT ADDED ENTRY--TOPICAL TERM
Topical term or geographic name entry element Politics.
942 ## - Koha item type (Biblio)
Koha item type Books in Stacks (Lending)
Holdings
Lost status Damaged status Collection code Home library Current library Date acquired Full call number Accession Number Item type
    Lending WERC Library WERC Library 02/19/2024 320. Cit. 4104 Books in Stacks (Lending)

© WERC Library